000 00295 a2200109 4500
020 _a0072326220
082 _a551.49 DEM
100 _aDeming, David,
245 _aIntroduction to hydrogeology /
_cDavid Deming.
260 _aBoston :
_bMcGraw-Hill,
_cc2002.
300 _axi, 468 p. :
_bill. ;
_c25 cm.
650 _aHydrogeology.
999 _c666
_d666